| 000 | 01698nam a22004094a 4500 | ||
|---|---|---|---|
| 001 | ebr10190395 | ||
| 003 | CaPaEBR | ||
| 006 | m u | ||
| 007 | cr cn||||||||| | ||
| 008 | 061026s2007 txu sb 001 0 eng | ||
| 010 | _z 2006036037 | ||
| 015 |
_aGBA714942 _2bnb |
||
| 016 | 7 |
_z013678818 _2Uk |
|
| 020 | _z9781932792805 (pbk. : alk. paper) | ||
| 020 | _z1932792805 (pbk.) | ||
| 040 |
_aCaPaEBR _cCaPaEBR |
||
| 035 | _a(OCoLC)85847418 | ||
| 050 | 1 | 4 |
_aBV4740 _b.D65 2007eb |
| 082 | 0 | 4 |
_a248.8/34 _222 |
| 245 | 0 | 0 |
_aDoing more with life _h[electronic resource] : _bconnecting Christian higher education to a call to service / _cedited by Michael R. Miller. |
| 260 |
_aWaco, Tex. : _bBaylor University Press, _cc2007. |
||
| 300 | _axvi, 225 p. | ||
| 490 | 1 |
_aStudies in religion and higher education ; _v3 |
|
| 504 | _aIncludes bibliographical references (p. 207-216) and index. | ||
| 505 | 0 | _aVocation and transformation -- Vocation and service to others -- Vocation and the university. | |
| 533 |
_aElectronic reproduction. _bPalo Alto, Calif. : _cebrary, _d2013. _nAvailable via World Wide Web. _nAccess may be limited to ebrary affiliated libraries. |
||
| 650 | 0 |
_aVocation _xChristianity. |
|
| 650 | 0 | _aEducation (Christian theology) | |
| 650 | 0 | _aService (Theology) | |
| 650 | 0 |
_aCollege teachers _xReligious life. |
|
| 650 | 0 | _aEducation, Higher. | |
| 655 | 7 |
_aElectronic books. _2local |
|
| 700 | 1 |
_aMiller, Michael Robert, _d1966- |
|
| 710 | 2 | _aebrary, Inc. | |
| 830 | 0 |
_aStudies in religion and higher education ; _v3. |
|
| 856 | 4 | 0 |
_uhttp://site.ebrary.com/lib/rucke/Doc?id=10190395 _zAn electronic book accessible through the World Wide Web; click to view |
| 999 |
_c234622 _d234622 |
||